000 00679nam a2200253Ia 4500
003 OSt
005 20220918221005.0
006 a|||||r|||| 00| 0
007 ta
008 220917b |||||||| |||| 00| 0 eng d
024 _a147,752
037 _cTextual
040 _aARTS
_cARTS
_beng
041 _2eng
_aeng
082 _aY5927:4:7, M0
100 _aGhosh S K
_942960
245 0 _aProtection of minorities and scheduled castes
260 _aNew Delhi
_bAshish Publishing House
_c1980
300 _axx,181p.
_ccm.
500 _aAppendix p127-177
650 _aSOCIOLOGY
942 _hY5927:4:7, M0
_cTEXL
_2CC
999 _c270487
_d270487